000 00275nam a22001337a 4500
003 SGT
082 _a330.065,PAL
100 _aPAL,KARAM
245 _aMANAGERIAL ECONOMICS
260 _aNEW DELHI
_bEXCEL BOOKS
_c2010
300 _a407
650 _aECONOMICS
942 _2ddc
_cBK
999 _c9586
_d9586